[Event "Dvorkovich Memorial Rapid 2018"]
[Site "Taganrog"]
[Date "2018.01.14"]
[Round "10"]
[White "Tomilova, Elena"]
[Black "Tunik, Gennady"]
[Result "0-1"]
[WhiteElo "2331"]
[BlackElo "2378"]
[Annotator "ChessBase"]
[PlyCount "138"]
[EventDate "2018.??.??"]
[EventType "swiss"]
[EventCountry "RUS"]
[SourceTitle "playchess.com"]
[Source "ChessBase"]
[SourceQuality "1"]
[TimeControl "900+10"]

1. d4 {[%emt 0:00:00]} Nf6 {[%emt 0:00:00]} 2. Bg5 {[%emt 0:00:00]} e6 {[%emt 0:00:00]} 3. e4 {[%emt 0:00:00]} h6 {[%emt 0:00:00]} 4. Bxf6 {[%emt 0:00:00]} Qxf6 {[%emt 0:00:02]} 5. c3 {[%emt 0:00:00]} Qd8 {[%emt 0:00:07]} 6. Bd3 {[%emt 0:00:10]} b6 {[%emt 0:00:15]} 7. Ne2 {[%emt 0:00:08]} Bb7 {[%emt 0:00:00]} 8. O-O {[%emt 0:00:06]} d6 {[%emt 0:00:00]} 9. Nd2 {[%emt 0:00:04]} Nd7 {[%emt 0:00:06]} 10. f4 {[%emt 0:00:25]} g5 {[%emt 0:01:18]} 11. Ng3 {[%emt 0:01:12]} Qe7 {[%emt 0:00:31]} 12. Qa4 {[%emt 0:02:50]} a6 {[%emt 0:01:20]} 13. f5 {[%emt 0:00:26]} b5 {[%emt 0:00:47]} 14. Qc2 {[%emt 0:00:30]} e5 {[%emt 0:00:27]} 15. d5 {[%emt 0:00:26]} Nf6 {[%emt 0:00:23]} 16. a4 {[%emt 0:00:02]} bxa4 {[%emt 0:00:58]} 17. Qxa4+ {[%emt 0:00:12]} Qd7 {[%emt 0:00:00]} 18. Qb3 {[%emt 0:00:46]} Qc8 {[%emt 0:00:15]} 19. Nc4 {[%emt 0:00:20]} Qb8 {[%emt 0:00:34]} 20. Ra4 {[%emt 0:00:54]} Qa7+ {[%emt 0:00:00]} 21. Kh1 {[%emt 0:00:03]} h5 {[%emt 0:00:58]} 22. Na5 {[%emt 0:01:45]} Bc8 {[%emt 0:00:05]} 23. Nc6 {[%emt 0:00:35]} Qe3 {[%emt 0:00:00]} 24. Qc2 {[%emt 0:00:11]} h4 {[%emt 0:00:06]} 25. Ne2 {[%emt 0:01:27]} h3 {[%emt 0:02:17]} 26. g3 {[%emt 0:00:05]} Bd7 {[%emt 0:00:43]} 27. Nc1 {[%emt 0:00:48]} Bxc6 {[%emt 0:00:00]} 28. dxc6 {[%emt 0:00:11]} Qb6 {[%emt 0:00:07]} 29. Qe2 {[%emt 0:00:11]} Ke7 {[%emt 0:00:38]} 30. Rxa6 {[%emt 0:02:33]} Rxa6 {[%emt 0:00:00]} 31. Bxa6 {[%emt 0:00:00]} Qxc6 {[%emt 0:00:02]} 32. Bd3 {[%emt 0:00:09]} d5 {[%emt 0:00:19]} 33. Re1 {[%emt 0:00:18]} dxe4 {[%emt 0:00:25]} 34. Bxe4 {[%emt 0:00:00]} Nxe4 {[%emt 0:00:12]} 35. Qxe4 {[%emt 0:00:06]} Qxe4+ {[%emt 0:00:00]} 36. Rxe4 {[%emt 0:00:00]} Kf6 {[%emt 0:00:19]} 37. g4 {[%emt 0:00:00]} Bc5 {[%emt 0:00:10]} 38. Re1 {[%emt 0:00:52]} Rd8 {[%emt 0:00:08]} 39. Ne2 {[%emt 0:00:27]} Bf2 {[%emt 0:00:22]} 40. Rf1 {[%emt 0:00:52]} Bh4 {[%emt 0:00:26]} 41. Ng3 {[%emt 0:01:55]} Bxg3 {[%emt 0:00:12]} 42. hxg3 {[%emt 0:00:01]} Rd2 {[%emt 0:00:01]} 43. Ra1 {[%emt 0:00:07]} e4 {[%emt 0:01:09]} 44. Ra6+ {[%emt 0:00:16]} Ke5 {[%emt 0:00:02]} 45. Ra8 {[%emt 0:00:29]} Rxb2 {[%emt 0:00:09]} 46. Re8+ {[%emt 0:00:09]} Kd5 {[%emt 0:00:02]} 47. Re7 {[%emt 0:00:16]} f6 {[%emt 0:00:15]} 48. Rd7+ {[%emt 0:00:15]} Kc4 {[%emt 0:00:51]} 49. Rd4+ {[%emt 0:00:08]} Kxc3 {[%emt 0:00:00]} 50. Rxe4 {[%emt 0:00:00]} c5 {[%emt 0:00:32]} 51. Re6 {[%emt 0:00:02]} Kd4 {[%emt 0:00:35]} 52. Rxf6 {[%emt 0:00:22]} Ke4 {[%emt 0:00:52]} 53. Rc6 {[%emt 0:00:17]} Kf3 {[%emt 0:00:49]} 54. Rxc5 {[%emt 0:00:13]} Kxg4 {[%emt 0:00:14]} 55. f6 {[%emt 0:00:14]} Rf2 {[%emt 0:00:02]} 56. Rc6 {[%emt 0:00:00]} Kxg3 {[%emt 0:00:05]} 57. Rc3+ {[%emt 0:00:15]} Kh4 {[%emt 0:00:01]} 58. Rc6 {[%emt 0:00:24]} g4 {[%emt 0:00:04]} 59. Kg1 {[%emt 0:00:00]} Rf3 {[%emt 0:00:07]} 60. Rc4 {[%emt 0:00:13]} Rxf6 {[%emt 0:00:05]} 61. Ra4 {[%emt 0:00:05]} Rf3 {[%emt 0:00:26]} 62. Rb4 {[%emt 0:00:10]} Kg3 {[%emt 0:00:04]} 63. Rb1 {[%emt 0:00:01]} Rc3 {[%emt 0:00:17]} 64. Rf1 {[%emt 0:00:08]} Rc4 {[%emt 0:00:08]} 65. Ra1 {[%emt 0:00:07]} Kh4 {[%emt 0:00:02]} 66. Rd1 {[%emt 0:00:32]} g3 {[%emt 0:00:02]} 67. Ra1 {[%emt 0:00:03]} h2+ {[%emt 0:00:03]} 68. Kg2 {[%emt 0:00:18]} Rc2+ {[%emt 0:00:02]} 69. Kh1 {[%emt 0:00:04]} Kh3 {[%emt 0:00:01]} 0-1

[Event "Dvorkovich Memorial Rapid 2018"]
[Site "Taganrog"]
[Date "2018.01.14"]
[Round "10"]
[White "Ivlev, Aleksey"]
[Black "Kabanov, Nikolai"]
[Result "1-0"]
[WhiteElo "2300"]
[BlackElo "2478"]
[Annotator "TA"]
[PlyCount "75"]
[EventDate "2018.??.??"]
[EventType "swiss"]
[EventCountry "RUS"]
[SourceTitle "playchess.com"]
[Source "ChessBase"]
[SourceQuality "1"]

{[%evp 17,75,26,30,11,33,0,0,-12,-5,-20,-18,-14,-11,-8,-15,-18,-11,-6,-3,-5,-1,-5,3,0,0,-17,6,25,61,60,57,52,76,74,81,65,65,66,80,75,82,116,352,147,589,635,625,634,640,631,595,547,1505,1503,1402,1358,2067,2022,2022,1922]} 1. d4 Nf6 2. c4 g6 3. Nc3 Bg7 4. e4 O-O 5. Nf3 d6 6. Be2 Na6 7. Bg5 h6 8. Be3 {E91: King's Indian: Classical: 6 Be2, unusual replies including 6...c5 and 6...Bg4} Ng4 (8... e5 9. O-O Ng4 10. Bc1 c6 11. d5 f5 12. g3 f4 13. Nh4 g5 14. Bxg4 gxh4 15. gxf4 exf4 16. Kh1 Be5 17. Rg1 Kh7 18. Bd2 Qf6 19. Bh5 Rg8 20. Rxg8 Kxg8 21. Qf3 {1-0 (21) Sandipan,C (2566)-Bogdanovich,S (2564) Sanya City 2017}) 9. Bc1 e5 {LiveBook: 28 Games} 10. dxe5 {White has an edge.} Nxe5 11. Nxe5 (11. Nd4 {NOTEXT} Nc5 12. O-O h5 13. f3 Nc6 14. Be3) 11... dxe5 12. Be3 c6 13. O-O Qe7 14. Qc1 Kh7 15. Rd1 Nc5 $146 {[%cal Ba6c5,Bc5e6,Be6d4][%mdl 32]} ({Find the theoretical novelty and annotate with similar games:} 15... Nc7) 16. b4 Ne6 17. Rb1 Nd4 18. Bf1 Be6 19. Ne2 $36 {[%cal Re2d4][%mdl 2048] White is pushing.} Rad8 20. Nxd4 exd4 21. Bf4 Bc8 (21... f5 {NOTEXT} 22. exf5 Bxf5 23. Rb3 Be6 24. Bg3 h5) 22. Bd3 Be5 23. Bxe5 ({Much weaker is} 23. Bxh6 $6 Qh4 $11) 23... Qxe5 24. f4 Qh5 25. Qd2 Rfe8 26. Rf1 {[%cal Bd1f1,Bf1f3,Bf3g3,Bg3g7,Bg7h7,Bh7h6][%mdl 32]} Qh4 27. Rbe1 Kg7 28. Rf3 Bf5 29. Rg3 Bc8 $2 {[#]} (29... Qe7 $16 {might work better.}) 30. Rf1 (30. f5 $18 {and the rest is easy.}) 30... Kh7 $2 {[%mdl 8192]} (30... Qe7 $16 31. e5 Kf8) 31. f5 $18 {White is clearly winning.} gxf5 32. exf5 {[%cal Be4f5,Bf5f6][%mdl 32]} Re3 33. f6+ Kh8 {[#]} 34. Rg7 $1 Be6 {Now ...a5 and Black clings on.} 35. g3 Qh5 36. Rf4 Qe5 37. Rh7+ Kg8 38. Rxh6 {Precision: White = 60%, Black = 33%.} 1-0

[Event "Dvorkovich Memorial Rapid 2018"]
[Site "Taganrog"]
[Date "2018.01.14"]
[Round "10"]
[White "Nazaretyan, Tigran"]
[Black "Kiselev, Vitaliy"]
[Result "1-0"]
[WhiteElo "2285"]
[BlackElo "2516"]
[Annotator "TA"]
[PlyCount "97"]
[EventDate "2018.??.??"]
[EventType "swiss"]
[EventCountry "RUS"]
[SourceTitle "playchess.com"]
[Source "ChessBase"]
[SourceQuality "1"]

{[%evp 15,97,0,0,-11,-1,-5,15,14,25,21,29,0,0,0,0,0,0,-16,0,0,11,0,0,0,0,0,0,0,6,6,5,4,6,0,44,0,29,23,29,14,20,19,47,36,47,9,76,47,128,126,125,116,115,114,126,120,123,114,106,0,92,70,116,105,125,0,0,0,159,108,223,221,325,302,305,254,282,302,1610,1473,1668,1317,6303,5937]} 1. d4 Nf6 2. c4 e6 3. Nf3 Bb4+ 4. Bd2 c5 5. dxc5 Bxc5 6. Nc3 O-O 7. e3 b6 8. Be2 Bb7 9. O-O {E11: Bogo-Indian} Nc6 (9... Be7 10. Rc1 d6 11. Nd4 Nbd7 12. Bf3 Bxf3 13. Qxf3 Ne5 14. Qe2 Rc8 15. b3 a6 16. e4 Qc7 {½-½ (24) Varga,Z (2510)-Balogh,C (2398) Budapest 2002}) 10. a3 d5 11. b4 $146 {cxd5 is the strong threat.The position is equal.} ({Predecessor:} 11. cxd5 Nxd5 12. Qc2 Rc8 13. Rac1 Be7 14. Nxd5 Qxd5 15. Bc3 Nb8 16. Rfd1 Qe4 17. Qxe4 Bxe4 18. Nd2 Bb7 19. Bf3 {½-½ (19) Herholz,H (1875)-Gebert,R (1926) Mecklenburg VP 2008}) 11... Be7 12. cxd5 Nxd5 13. Qb3 Nf6 14. Rfd1 Qb8 15. h3 Ne5 16. Nd4 Rd8 17. Rac1 Nd5 18. f4 Ng6 {[%cal Rd5f4]} 19. Nxd5 Bxd5 20. Bc4 Qb7 21. Bxd5 Rxd5 22. Nc6 Rc8 23. e4 Rd7 24. b5 Bf8 25. Be3 Rxd1+ 26. Qxd1 Ne7 {[%cal Re7c6]} 27. Qa4 $36 {[%mdl 2048] Black is under pressure.} Nxc6 28. bxc6 Qc7 29. e5 h6 30. Qa6 Rd8 (30... Qd8 $11) 31. a4 (31. Qb7 $5 {[%cal Rb7c7]} Rc8 32. Qxc7 Rxc7 33. Rc3 $14) 31... g6 (31... Rc8 $14) 32. a5 $16 bxa5 33. Qxa7 ({And not} 33. Bxa7 Ra8 $17) 33... Qxa7 34. Bxa7 {[%mdl 4096] Endgame KRB-KRB} Rc8 35. c7 a4 36. Bb6 a3 37. Rc4 (37. Kf2 $16) 37... Be7 (37... f6 $11) 38. Kf2 Kf8 39. Ke2 Ke8 40. Kd3 (40. Rd4 $1 $16) 40... Kd7 $1 $11 41. Kc2 Ra8 $2 {[#]} (41... a2 $11 42. Kb2 Ra8) 42. Rd4+ $1 $16 Ke8 (42... Kc6 $16 {is a better defense.} 43. Rd8 Kxb6 44. Rxa8 Kxc7 45. Ra7+ Kd8) 43. Kb3 $18 Rc8 (43... g5 $142 44. fxg5 hxg5) 44. g4 {[%cal Bg2g4,Bg4g5][%mdl 32]} Ra8 45. h4 h5 {[#]} 46. g5 $1 Rc8 $2 (46... a2 47. Ra4 Rc8 48. Rxa2 Kd7) 47. Rd2 {White is clearly winning.} Ra8 48. Kc4 Rc8 49. Kb5 {Precision: White = 71%, Black = 29%.} 1-0

[Event "Dvorkovich Memorial Rapid 2018"]
[Site "Taganrog"]
[Date "2018.01.14"]
[Round "10"]
[White "Mirzoyan, Mikhail"]
[Black "Anikonov, Dmitry"]
[Result "0-1"]
[WhiteElo "2275"]
[BlackElo "2407"]
[Annotator "ChessBase"]
[PlyCount "49"]
[EventDate "2018.??.??"]
[EventType "swiss"]
[EventCountry "RUS"]
[SourceTitle "playchess.com"]
[Source "ChessBase"]
[SourceQuality "1"]
[TimeControl "900+10"]

1. e4 {[%emt 0:00:00]} d6 {[%emt 0:00:02]} 2. d4 {[%emt 0:00:00]} Nf6 {[%emt 0:00:00]} 3. Nc3 {[%emt 0:00:00]} e5 {[%emt 0:00:00]} 4. Nf3 {[%emt 0:00:01]} exd4 {[%emt 0:00:05]} 5. Nxd4 {[%emt 0:00:00]} Be7 {[%emt 0:00:00]} 6. Bc4 {[%emt 0:00:03]} O-O {[%emt 0:00:04]} 7. O-O {[%emt 0:02:41]} Re8 {[%emt 0:00:03]} 8. Re1 {[%emt 0:00:15]} Nbd7 {[%emt 0:00:01]} 9. b3 {[%emt 0:01:17]} Ne5 {[%emt 0:00:20]} 10. Bf1 {[%emt 0:00:01]} c6 {[%emt 0:00:00]} 11. Bb2 {[%emt 0:00:00]} Bd7 {[%emt 0:00:10]} 12. f4 {[%emt 0:00:32]} Ng6 {[%emt 0:00:01]} 13. Qf3 {[%emt 0:00:04]} Bf8 {[%emt 0:00:00]} 14. Kh1 {[%emt 0:00:00]} b5 {[%emt 0:00:24]} 15. a3 {[%emt 0:01:05]} Qb6 {[%emt 0:00:09]} 16. Rad1 {[%emt 0:00:17]} Bg4 {[%emt 0:00:03]} 17. Qe3 {[%emt 0:00:58]} Bxd1 {[%emt 0:00:16]} 18. Rxd1 {[%emt 0:00:11]} Rad8 {[%emt 0:01:29]} 19. Qf3 {[%emt 0:01:19]} d5 {[%emt 0:00:16]} 20. e5 {[%emt 0:00:00]} Ne4 {[%emt 0:00:03]} 21. Nce2 {[%emt 0:01:58]} Nh4 {[%emt 0:01:38]} 22. Qe3 {[%emt 0:00:22]} c5 {[%emt 0:00:05]} 23. Nf3 {[%emt 0:00:00]} Nf5 {[%emt 0:00:09]} 24. Qg1 {[%emt 0:00:17]} d4 {[%emt 0:00:00]} 25. Bc1 {[%emt 0:03:49]} 0-1

[Event "Dvorkovich Memorial Rapid 2018"]
[Site "Taganrog"]
[Date "2018.01.14"]
[Round "10"]
[White "Maltsevskaya, Aleksandra"]
[Black "Ashrafzianov, Igor"]
[Result "0-1"]
[WhiteElo "2274"]
[BlackElo "2004"]
[Annotator "ChessBase"]
[PlyCount "148"]
[EventDate "2018.??.??"]
[EventType "swiss"]
[EventCountry "RUS"]
[SourceTitle "playchess.com"]
[Source "ChessBase"]
[SourceQuality "1"]
[TimeControl "900+10"]

1. e4 {[%emt 0:00:00]} d5 {[%emt 0:00:00]} 2. exd5 {[%emt 0:00:00]} Nf6 {[%emt 0:00:00]} 3. Nf3 {[%emt 0:00:00]} Nxd5 {[%emt 0:00:00]} 4. d4 {[%emt 0:00:00]} g6 {[%emt 0:00:06]} 5. c3 {[%emt 0:00:08]} Bg7 {[%emt 0:00:13]} 6. Be2 {[%emt 0:00:31]} O-O {[%emt 0:00:00]} 7. O-O {[%emt 0:00:01]} Nc6 {[%emt 0:00:29]} 8. Nbd2 {[%emt 0:02:43]} e5 {[%emt 0:00:41]} 9. dxe5 {[%emt 0:00:50]} Nxe5 {[%emt 0:00:05]} 10. Nxe5 {[%emt 0:00:18]} Bxe5 {[%emt 0:00:04]} 11. Nf3 {[%emt 0:00:01]} Bg7 {[%emt 0:00:30]} 12. Bg5 {[%emt 0:00:03]} Nf6 {[%emt 0:00:03]} 13. Qb3 {[%emt 0:02:15]} c6 {[%emt 0:00:28]} 14. a4 {[%emt 0:03:48]} Qb6 {[%emt 0:00:11]} 15. Qa3 {[%emt 0:00:03]} Re8 {[%emt 0:01:10]} 16. Bc4 {[%emt 0:00:40]} Be6 {[%emt 0:00:25]} 17. Bxe6 {[%emt 0:00:38]} Rxe6 {[%emt 0:00:00]} 18. Nd4 {[%emt 0:00:12]} Ree8 {[%emt 0:00:22]} 19. Bf4 {[%emt 0:01:51]} Ne4 {[%emt 0:01:47]} 20. Be3 {[%emt 0:00:14]} Qc7 {[%emt 0:00:09]} 21. Nf3 {[%emt 0:01:01]} Nf6 {[%emt 0:01:33]} 22. Bd4 {[%emt 0:00:07]} Nd5 {[%emt 0:00:00]} 23. Bxg7 {[%emt 0:00:03]} Kxg7 {[%emt 0:00:00]} 24. Rae1 {[%emt 0:00:13]} Nf6 {[%emt 0:00:36]} 25. Qb3 {[%emt 0:01:18]} Rxe1 {[%emt 0:00:23]} 26. Rxe1 {[%emt 0:00:02]} Re8 {[%emt 0:00:03]} 27. Rxe8 {[%emt 0:00:31]} Nxe8 {[%emt 0:00:00]} 28. h3 {[%emt 0:00:08]} Nf6 {[%emt 0:00:08]} 29. Qc4 {[%emt 0:00:05]} Qd6 {[%emt 0:00:05]} 30. Qe2 {[%emt 0:00:19]} Qc5 {[%emt 0:00:55]} 31. Nd4 {[%emt 0:00:19]} Qd6 {[%emt 0:00:17]} 32. Qd3 {[%emt 0:01:22]} Qf4 {[%emt 0:00:04]} 33. Qd1 {[%emt 0:00:20]} Ne4 {[%emt 0:00:00]} 34. Nf3 {[%emt 0:00:02]} Nf6 {[%emt 0:00:16]} 35. Qe2 {[%emt 0:00:10]} Qxa4 {[%emt 0:00:00]} 36. Nd4 {[%emt 0:00:07]} Qa1+ {[%emt 0:00:42]} 37. Kh2 {[%emt 0:00:01]} Qc1 {[%emt 0:00:00]} 38. g3 {[%emt 0:00:31]} c5 {[%emt 0:00:24]} 39. Nb3 {[%emt 0:00:17]} Qg5 {[%emt 0:00:13]} 40. Nd2 {[%emt 0:00:05]} b6 {[%emt 0:00:00]} 41. Nc4 {[%emt 0:00:05]} Qd5 {[%emt 0:00:17]} 42. Ne3 {[%emt 0:00:00]} Qe4 {[%emt 0:00:09]} 43. Qd1 {[%emt 0:00:06]} h5 {[%emt 0:00:07]} 44. Kg1 {[%emt 0:00:20]} a6 {[%emt 0:00:18]} 45. Qe2 {[%emt 0:00:12]} b5 {[%emt 0:00:06]} 46. Qd2 {[%emt 0:00:18]} Qe6 {[%emt 0:00:19]} 47. Kh2 {[%emt 0:00:09]} Ne4 {[%emt 0:00:00]} 48. Qe2 {[%emt 0:00:10]} c4 {[%emt 0:00:21]} 49. Qf3 {[%emt 0:00:13]} Nc5 {[%emt 0:00:08]} 50. Qe2 {[%emt 0:00:05]} Nd3 {[%emt 0:00:12]} 51. b3 {[%emt 0:00:15]} Nc1 {[%emt 0:00:21]} 52. Qf3 {[%emt 0:00:13]} Nxb3 {[%emt 0:00:02]} 53. Qb7 {[%emt 0:00:06]} Nc5 {[%emt 0:00:09]} 54. Qa7 {[%emt 0:00:02]} Nd3 {[%emt 0:00:07]} 55. f4 {[%emt 0:00:09]} Qe4 {[%emt 0:01:12]} 56. Kg1 {[%emt 0:00:16]} h4 {[%emt 0:00:13]} 57. f5 {[%emt 0:00:19]} gxf5 {[%emt 0:01:23]} 58. gxh4 {[%emt 0:00:07]} f4 {[%emt 0:00:14]} 59. Ng4 {[%emt 0:00:09]} Qe1+ {[%emt 0:00:11]} 60. Kg2 {[%emt 0:00:07]} Qg3+ {[%emt 0:00:03]} 61. Kh1 {[%emt 0:00:18]} Qxh3+ {[%emt 0:00:18]} 62. Nh2 {[%emt 0:00:01]} Qxh4 {[%emt 0:01:02]} 63. Qg1+ {[%emt 0:00:09]} Kh7 {[%emt 0:00:04]} 64. Qa7 {[%emt 0:00:19]} Qe1+ {[%emt 0:00:31]} 65. Kg2 {[%emt 0:00:02]} Qe2+ {[%emt 0:00:08]} 66. Kh1 {[%emt 0:00:15]} Qe1+ {[%emt 0:00:12]} 67. Kg2 {[%emt 0:00:01]} Qg3+ {[%emt 0:00:03]} 68. Kf1 {[%emt 0:00:06]} Qe1+ {[%emt 0:00:50]} 69. Kg2 {[%emt 0:00:01]} Qe4+ {[%emt 0:00:11]} 70. Nf3 {[%emt 0:00:20]} Ne1+ {[%emt 0:00:12]} 71. Kh3 {[%emt 0:00:28]} Qxf3+ {[%emt 0:00:04]} 72. Kh4 {[%emt 0:00:02]} Qg3+ {[%emt 0:00:18]} 73. Kh5 {[%emt 0:00:02]} Qg6+ {[%emt 0:00:03]} 74. Kh4 {[%emt 0:00:01]} Nf3+ {[%emt 0:00:13]} 0-1

[Event "Dvorkovich Memorial Rapid 2018"]
[Site "Taganrog"]
[Date "2018.01.14"]
[Round "10"]
[White "Semenova, Elena"]
[Black "Kolmychek, Evelina"]
[Result "1-0"]
[WhiteElo "2238"]
[BlackElo "2013"]
[Annotator "ChessBase"]
[PlyCount "65"]
[EventDate "2018.??.??"]
[EventType "swiss"]
[EventCountry "RUS"]
[SourceTitle "playchess.com"]
[Source "ChessBase"]
[SourceQuality "1"]
[TimeControl "900+10"]

1. e4 {[%emt 0:00:00]} e5 {[%emt 0:00:12]} 2. Nf3 {[%emt 0:00:01]} Nc6 {[%emt 0:00:03]} 3. Bc4 {[%emt 0:00:00]} Nf6 {[%emt 0:00:07]} 4. d3 {[%emt 0:00:00]} Bc5 {[%emt 0:00:08]} 5. c3 {[%emt 0:00:00]} d6 {[%emt 0:00:00]} 6. O-O {[%emt 0:00:09]} O-O {[%emt 0:00:04]} 7. a4 {[%emt 0:00:14]} a6 {[%emt 0:00:02]} 8. Bg5 {[%emt 0:00:08]} h6 {[%emt 0:00:04]} 9. Bh4 {[%emt 0:00:02]} g5 {[%emt 0:00:31]} 10. Bg3 {[%emt 0:00:17]} Ne7 {[%emt 0:00:12]} 11. d4 {[%emt 0:00:28]} exd4 {[%emt 0:00:08]} 12. cxd4 {[%emt 0:00:08]} Bb6 {[%emt 0:00:04]} 13. a5 {[%emt 0:03:01]} Ba7 {[%emt 0:00:02]} 14. e5 {[%emt 0:01:01]} Ne4 {[%emt 0:01:22]} 15. Nc3 {[%emt 0:00:05]} Nxg3 {[%emt 0:00:14]} 16. hxg3 {[%emt 0:00:41]} Bg4 {[%emt 0:01:27]} 17. Ne4 {[%emt 0:01:51]} Kg7 {[%emt 0:00:16]} 18. Nf6 {[%emt 0:00:42]} Bf5 {[%emt 0:00:43]} 19. g4 {[%emt 0:00:35]} Bg6 {[%emt 0:00:30]} 20. Qb3 {[%emt 0:00:06]} Qc8 {[%emt 0:01:06]} 21. Rfe1 {[%emt 0:00:39]} Ng8 {[%emt 0:01:33]} 22. Qc3 {[%emt 0:01:10]} Nxf6 {[%emt 0:03:59]} 23. exf6+ {[%emt 0:00:02]} Kh7 {[%emt 0:00:05]} 24. Nxg5+ {[%emt 0:00:18]} Kg8 {[%emt 0:00:26]} 25. Qh3 {[%emt 0:00:21]} h5 {[%emt 0:00:16]} 26. Ne6 {[%emt 0:01:51]} Qd7 {[%emt 0:01:52]} 27. gxh5 {[%emt 0:00:21]} d5 {[%emt 0:00:01]} 28. hxg6 {[%emt 0:00:12]} fxe6 {[%emt 0:00:08]} 29. g7 {[%emt 0:01:39]} Rxf6 {[%emt 0:00:27]} 30. Qh8+ {[%emt 0:00:09]} Kf7 {[%emt 0:00:02]} 31. Qxa8 {[%emt 0:00:17]} Kxg7 {[%emt 0:00:02]} 32. Qxa7 {[%emt 0:00:16]} dxc4 {[%emt 0:00:02]} 33. Qc5 {[%emt 0:00:08]} 1-0

[Event "Dvorkovich Memorial Rapid 2018"]
[Site "Taganrog"]
[Date "2018.01.14"]
[Round "10"]
[White "Frolov, Andrey"]
[Black "Tsoi, Dmitry"]
[Result "0-1"]
[WhiteElo "2120"]
[BlackElo "2371"]
[Annotator "ChessBase"]
[PlyCount "162"]
[EventDate "2018.??.??"]
[EventType "swiss"]
[EventCountry "RUS"]
[SourceTitle "playchess.com"]
[Source "ChessBase"]
[SourceQuality "1"]
[TimeControl "900+10"]

1. e4 {[%emt 0:00:00]} g6 {[%emt 0:00:00]} 2. d4 {[%emt 0:00:00]} Bg7 {[%emt 0:00:00]} 3. Nc3 {[%emt 0:00:00]} d5 {[%emt 0:00:00]} 4. exd5 {[%emt 0:00:07]} Nf6 {[%emt 0:00:03]} 5. Bb5+ {[%emt 0:00:06]} Nbd7 {[%emt 0:00:01]} 6. Nf3 {[%emt 0:00:52]} O-O {[%emt 0:00:00]} 7. O-O {[%emt 0:00:11]} Nb6 {[%emt 0:00:03]} 8. h3 {[%emt 0:00:19]} Nfxd5 {[%emt 0:00:02]} 9. Ne4 {[%emt 0:00:31]} Bf5 {[%emt 0:00:16]} 10. Ng3 {[%emt 0:00:00]} Bd7 {[%emt 0:00:00]} 11. Bd3 {[%emt 0:00:33]} Nb4 {[%emt 0:00:00]} 12. Be2 {[%emt 0:00:08]} Bc6 {[%emt 0:00:21]} 13. a3 {[%emt 0:00:42]} N4d5 {[%emt 0:00:02]} 14. c4 {[%emt 0:00:50]} Ba4 {[%emt 0:00:01]} 15. Qd3 {[%emt 0:00:35]} Nf6 {[%emt 0:00:00]} 16. b3 {[%emt 0:00:05]} Be8 {[%emt 0:00:00]} 17. Bb2 {[%emt 0:00:30]} Nfd7 {[%emt 0:00:15]} 18. Rad1 {[%emt 0:00:23]} a5 {[%emt 0:00:02]} 19. Qc2 {[%emt 0:00:15]} Qb8 {[%emt 0:00:15]} 20. d5 {[%emt 0:00:55]} Bxb2 {[%emt 0:00:19]} 21. Qxb2 {[%emt 0:00:00]} c6 {[%emt 0:00:02]} 22. dxc6 {[%emt 0:00:21]} bxc6 {[%emt 0:00:00]} 23. Qd4 {[%emt 0:00:50]} c5 {[%emt 0:00:56]} 24. Qh4 {[%emt 0:00:00]} Nf6 {[%emt 0:00:01]} 25. Ng5 {[%emt 0:01:44]} Bc6 {[%emt 0:00:07]} 26. Rd3 {[%emt 0:00:32]} Kg7 {[%emt 0:02:21]} 27. Re3 {[%emt 0:04:06]} Ra7 {[%emt 0:00:00]} 28. Bd3 {[%emt 0:00:36]} Rd7 {[%emt 0:07:10]} 29. Nf5+ {[%emt 0:00:29]} gxf5 {[%emt 0:01:40]} 30. Bxf5 {[%emt 0:00:10]} Rd4 {[%emt 0:00:00]} 31. f4 {[%emt 0:00:11]} Rd2 {[%emt 0:00:35]} 32. Rg3 {[%emt 0:00:58]} Rxg2+ {[%emt 0:00:00]} 33. Rxg2 {[%emt 0:00:00]} Bxg2 {[%emt 0:00:00]} 34. Kxg2 {[%emt 0:01:09]} Rg8 {[%emt 0:00:14]} 35. Kh2 {[%emt 0:00:15]} Kf8 {[%emt 0:00:21]} 36. Nxh7+ {[%emt 0:01:11]} Nxh7 {[%emt 0:00:03]} 37. Qxh7 {[%emt 0:00:00]} a4 {[%emt 0:00:32]} 38. Qh6+ {[%emt 0:00:32]} Ke8 {[%emt 0:00:11]} 39. bxa4 {[%emt 0:00:15]} Nxc4 {[%emt 0:00:39]} 40. Qc6+ {[%emt 0:00:31]} Kf8 {[%emt 0:00:10]} 41. Qh6+ {[%emt 0:00:02]} Ke8 {[%emt 0:00:00]} 42. Bg4 {[%emt 0:00:13]} Qb2+ {[%emt 0:00:15]} 43. Kg1 {[%emt 0:00:15]} Rg6 {[%emt 0:00:13]} 44. Qh5 {[%emt 0:00:24]} Ne3 {[%emt 0:00:31]} 45. Rf2 {[%emt 0:00:00]} Qd4 {[%emt 0:00:46]} 46. Qe5 {[%emt 0:00:28]} Qxe5 {[%emt 0:00:13]} 47. fxe5 {[%emt 0:00:01]} Nxg4 {[%emt 0:00:02]} 48. hxg4 {[%emt 0:00:03]} Rxg4+ {[%emt 0:00:01]} 49. Kf1 {[%emt 0:00:00]} Rxa4 {[%emt 0:00:02]} 50. Rc2 {[%emt 0:00:18]} c4 {[%emt 0:00:00]} 51. Rc3 {[%emt 0:00:00]} Kd7 {[%emt 0:00:01]} 52. Ke2 {[%emt 0:00:07]} Ke6 {[%emt 0:00:00]} 53. Re3 {[%emt 0:00:00]} Ra5 {[%emt 0:00:05]} 54. Kf3 {[%emt 0:00:15]} Rxe5 {[%emt 0:00:03]} 55. Rc3 {[%emt 0:00:03]} Rb5 {[%emt 0:00:02]} 56. Ke4 {[%emt 0:00:08]} Rb3 {[%emt 0:00:14]} 57. Rxc4 {[%emt 0:00:01]} Rxa3 {[%emt 0:00:04]} 58. Rc6+ {[%emt 0:00:00]} Kd7 {[%emt 0:00:01]} 59. Rh6 {[%emt 0:00:03]} e6 {[%emt 0:00:02]} 60. Rh8 {[%emt 0:00:14]} Ke7 {[%emt 0:00:02]} 61. Rb8 {[%emt 0:00:00]} Ra4+ {[%emt 0:00:00]} 62. Ke3 {[%emt 0:00:10]} f5 {[%emt 0:00:03]} 63. Kf3 {[%emt 0:00:03]} Kf6 {[%emt 0:00:01]} 64. Ke3 {[%emt 0:00:02]} Ra3+ {[%emt 0:00:02]} 65. Kd4 {[%emt 0:00:02]} e5+ {[%emt 0:00:00]} 66. Kd5 {[%emt 0:00:05]} Rd3+ {[%emt 0:00:06]} 67. Kc4 {[%emt 0:00:01]} Rd4+ {[%emt 0:00:03]} 68. Kc3 {[%emt 0:00:02]} Rd7 {[%emt 0:00:06]} 69. Rg8 {[%emt 0:00:04]} f4 {[%emt 0:00:04]} 70. Rf8+ {[%emt 0:00:12]} Kg5 {[%emt 0:00:01]} 71. Kc2 {[%emt 0:00:03]} Kg4 {[%emt 0:00:02]} 72. Kc3 {[%emt 0:00:00]} Kf3 {[%emt 0:00:02]} 73. Kc4 {[%emt 0:00:07]} e4 {[%emt 0:00:00]} 74. Kc3 {[%emt 0:00:16]} e3 {[%emt 0:00:02]} 75. Re8 {[%emt 0:00:03]} Ke2 {[%emt 0:00:02]} 76. Rh8 {[%emt 0:00:06]} f3 {[%emt 0:00:01]} 77. Rf8 {[%emt 0:00:02]} f2 {[%emt 0:00:02]} 78. Kc2 {[%emt 0:00:24]} Kf1 {[%emt 0:00:03]} 79. Re8 {[%emt 0:00:12]} e2 {[%emt 0:00:01]} 80. Re6 {[%emt 0:00:03]} e1=Q {[%emt 0:00:03]} 81. Rxe1+ {[%emt 0:00:02]} fxe1=Q {[%emt 0:00:04]} 0-1